[Event "BCF-chT2b 1516 (4NCL)"]
[Site "England"]
[Date "2016.01.23"]
[Round "3.21"]
[White "Anbukumar, Hajane"]
[Black "Garcia Ruiz, Fuentes Aitor"]
[Result "0-1"]
[WhiteElo "1902"]
[BlackElo "2007"]
[PlyCount "84"]
[EventDate "2015.11.14"]
[EventType "team-tourn"]
[EventRounds "7"]
[EventCountry "ENG"]
[SourceTitle "CBM 170 Extra"]
[Source "ChessBase"]
[SourceDate "2016.02.25"]
[SourceVersion "1"]
[SourceVersionDate "2016.02.25"]
[SourceQuality "1"]
[WhiteTeam "KJCA Kings"]
[BlackTeam "Downend & Fishponds"]
[WhiteTeamCountry "ENG"]
[BlackTeamCountry "ENG"]

1. e4 c5 2. Nf3 d6 3. d4 cxd4 4. Nxd4 Nf6 5. Nc3 a6 6. h3 e6 7. a4 Be7 8. g4 d5 9. exd5 Nxd5 10. Bg2 Nxc3 11. bxc3 Qc7 12. 0-0 Qxc3 13. Rb1 Qc7 14. Qd3 0-0 15. Be3 Rd8 16. Qe4 Bd6 17. Rfd1 Qe7 18. c4 Nd7 19. Nb3 Nf6 20. Qf3 Rb8 21. g5 Nd7 22. c5 Bc7 23. Qe4 b6 24. c6 Nf8 25. Rxd8 Qxd8 26. Bf4 Ng6 27. Bxc7 Qxc7 28. Rd1 e5 29. Bf1 Be6 30. Bc4 Bxc4 31. Qxc4 Nf8 32. h4 Rc8 33. Rc1 a5 34. Nd2 Ne6 35. Ne4 Nd4 36. Qd3 Nxc6 37. Nf6+ gxf6 38. gxf6 Kh8 39. Kh1 Rg8 40. Rg1 Rxg1+ 41. Kxg1 Qd8 42. Qf5 Nd4 0-1

[Event "BCF-ch U16"]
[Site "Coventry"]
[Date "2015.08.04"]
[Round "4"]
[White "Davis, Holden"]
[Black "Anbukumar, Hajane"]
[Result "1-0"]
[WhiteElo "1704"]
[BlackElo "1996"]
[PlyCount "43"]
[EventDate "2015.08.02"]
[EventType "swiss"]
[EventRounds "7"]
[EventCountry "ENG"]
[SourceTitle "CBM 167 Extra"]
[Source "ChessBase"]
[SourceDate "2015.09.14"]
[SourceVersion "1"]
[SourceVersionDate "2015.09.14"]
[SourceQuality "1"]

1. e4 e5 2. Nf3 Nc6 3. Bc4 Bc5 4. b4 Bxb4 5. c3 Ba5 6. d4 d6 7. Qb3 Nf6 8. Bxf7+ Kf8 9. dxe5 Nxe4 10. 0-0 Nc5 11. Qc4 Qe7 12. Bd5 Be6 13. exd6 cxd6 14. Re1 Ne5 15. Nxe5 Bxd5 16. Qxd5 dxe5 17. Ba3 Bb6 18. Nd2 Rd8 19. Qf3+ Qf7 20. Nb3 Qxf3 21. gxf3 Rd5 22. Rad1 1-0

[Event "London Classic op 6th"]
[Site "London"]
[Date "2014.12.13"]
[Round "6"]
[White "Haddock, Paul"]
[Black "Anbukumar, Hajane"]
[Result "0-1"]
[WhiteElo "1648"]
[BlackElo "1845"]
[PlyCount "78"]
[EventDate "2014.12.08"]
[EventType "swiss"]
[EventRounds "9"]
[EventCountry "ENG"]
[SourceTitle "CBM 163 Extra"]
[Source "ChessBase"]
[SourceDate "2014.12.23"]
[SourceVersion "1"]
[SourceVersionDate "2014.12.23"]
[SourceQuality "1"]

1. e4 c5 2. d4 cxd4 3. c3 Nf6 4. e5 Nd5 5. cxd4 Nc6 6. Bc4 Nb6 7. Bb3 d6 8. f4 dxe5 9. dxe5 Qxd1+ 10. Bxd1 Bf5 11. Nf3 e6 12. a3 a5 13. Nc3 Bc5 14. Na4 Nxa4 15. Bxa4 Ke7 16. Ke2 Rhb8 17. Bb5 Na7 18. Bd3 Bxd3+ 19. Kxd3 Rd8+ 20. Ke4 f5+ 21. exf6+ gxf6 22. g4 Nb5 23. Nd2 Nd4 24. f5 e5 25. Nf3 Nxf3 26. Kxf3 Rd3+ 27. Ke2 Rad8 28. Bh6 Rb3 29. Rab1 Rd4 30. g5 Re4+ 31. Kd2 Rh3 32. Rbc1 Be3+ 33. Kc2 Bxc1 34. gxf6+ Kxf6 35. Bxc1 Re2+ 36. Kd1 Rexh2 37. Rf1 Rd3+ 38. Ke1 Rc2 39. Rf2 Rxc1+ 0-1

[Event "London Classic op 6th"]
[Site "London"]
[Date "2014.12.09"]
[Round "2"]
[White "Anbukumar, Hajane"]
[Black "Robert, Pierre"]
[Result "0-1"]
[WhiteElo "1845"]
[BlackElo "2051"]
[PlyCount "82"]
[EventDate "2014.12.08"]
[EventType "swiss"]
[EventRounds "9"]
[EventCountry "ENG"]
[SourceTitle "CBM 163 Extra"]
[Source "ChessBase"]
[SourceDate "2014.12.23"]
[SourceVersion "1"]
[SourceVersionDate "2014.12.23"]
[SourceQuality "1"]

1. e4 e5 2. Nc3 Nf6 3. g3 Nc6 4. Bg2 Bc5 5. d3 d6 6. h3 0-0 7. Nge2 Nd4 8. Bg5 h6 9. Bxf6 Qxf6 10. Nxd4 Bxd4 11. Qd2 c6 12. Nd1 Be6 13. c3 Bb6 14. Ne3 Rad8 15. 0-0 d5 16. exd5 cxd5 17. Nc2 Qg6 18. Kh2 f5 19. Rae1 f4 20. Rxe5 f3 21. Bh1 Bc7 22. Rxe6 Qxe6 23. Nd4 Qf7 24. Nxf3 Rfe8 25. d4 Rd7 26. Re1 Rxe1 27. Nxe1 Qf5 28. Nd3 g5 29. Qe2 Rf7 30. Bg2 Kg7 31. Kg1 Kf8 32. g4 Qd7 33. Nc5 Qd6 34. Ne6+ Kg8 35. Nxc7 Rxc7 36. Qe8+ Kg7 37. Qe5+ Qxe5 38. dxe5 Re7 39. Bxd5 Rxe5 40. Bxb7 Rb5 41. a4 Rxb7 0-1

[Event "BCF-ch Week1 PM op"]
[Site "Aberystwyth"]
[Date "2014.07.25"]
[Round "5"]
[White "Woolcock, Craig"]
[Black "Anbukumar, Hajane"]
[Result "1-0"]
[WhiteElo "1869"]
[BlackElo "1759"]
[PlyCount "73"]
[EventDate "2014.07.21"]
[EventType "swiss"]
[EventRounds "5"]
[EventCountry "WLS"]
[SourceTitle "EXT 2017"]
[Source "ChessBase"]
[SourceDate "2016.10.25"]
[SourceVersion "1"]
[SourceVersionDate "2016.10.25"]
[SourceQuality "1"]

1. e4 c5 2. c3 Nf6 3. e5 Nd5 4. d4 cxd4 5. cxd4 d6 6. f4 dxe5 7. dxe5 e6 8. a3 Bc5 9. Nf3 0-0 10. Bc4 Ne3 11. Bxe3 Qxd1+ 12. Kxd1 Bxe3 13. g3 Nc6 14. Ke2 Bb6 15. Nc3 Bd7 16. Rad1 Na5 17. Rxd7 Nxc4 18. Na4 Rab8 19. Rhd1 h6 20. R1d3 Rfc8 21. b4 Bc7 22. Nd2 Nb6 23. Nxb6 Bxb6 24. Kd1 Kf8 25. Ne4 Bc7 26. Nc5 Ke8 27. Ke2 Bb6 28. Nxb7 Rc2+ 29. Kf3 f5 30. exf6 gxf6 31. Rh7 f5 32. g4 fxg4+ 33. Kxg4 h5+ 34. Kg5 Rg2+ 35. Kf6 Kf8 36. Rdd7 h4 37. Rh8+ 1-0

[Event "BCF-ch U16"]
[Site "Aberystwyth"]
[Date "2014.07.24"]
[Round "5"]
[White "Anbukumar, Hajane"]
[Black "Gallagher, Daniel GH"]
[Result "1/2-1/2"]
[WhiteElo "1759"]
[BlackElo "1856"]
[PlyCount "65"]
[EventDate "2014.07.21"]
[EventType "swiss"]
[EventRounds "7"]
[EventCountry "WLS"]
[SourceTitle "CBM 161 Extra"]
[Source "ChessBase"]
[SourceDate "2014.08.29"]
[SourceVersion "1"]
[SourceVersionDate "2014.08.29"]
[SourceQuality "1"]

1. c4 g6 2. Nc3 Bg7 3. g3 d6 4. Bg2 Nf6 5. d3 c5 6. e3 Nc6 7. Nge2 0-0 8. 0-0 Rb8 9. Rb1 Bd7 10. a3 a6 11. b4 cxb4 12. axb4 Qc8 13. b5 axb5 14. cxb5 Nd8 15. Bd2 Bh3 16. Bxh3 Qxh3 17. Nf4 Qd7 18. Qb3 Ne6 19. Nxe6 Qxe6 20. Qxe6 fxe6 21. Rfc1 Nd7 22. d4 Nb6 23. Ne4 Rfc8 24. Kg2 h6 25. h4 Nd5 26. f3 Kf7 27. Nf2 Ra8 28. e4 Nb6 29. Bc3 Ra4 30. e5 Rac4 31. Ne4 dxe5 32. dxe5 Na4 33. Bd2 1/2-1/2

[Event "BCF-ch U16"]
[Site "Aberystwyth"]
[Date "2014.07.23"]
[Round "4"]
[White "Purvis, Anna"]
[Black "Anbukumar, Hajane"]
[Result "0-1"]
[WhiteElo "1470"]
[BlackElo "1759"]
[PlyCount "94"]
[EventDate "2014.07.21"]
[EventType "swiss"]
[EventRounds "7"]
[EventCountry "WLS"]
[SourceTitle "CBM 161 Extra"]
[Source "ChessBase"]
[SourceDate "2014.08.29"]
[SourceVersion "1"]
[SourceVersionDate "2014.08.29"]
[SourceQuality "1"]

1. d4 Nf6 2. c4 g6 3. Nc3 Bg7 4. e4 d6 5. f3 0-0 6. Be3 c5 7. d5 a6 8. Qd2 b5 9. cxb5 axb5 10. Bxb5 Bd7 11. Bxd7 Nbxd7 12. Bh6 Ne5 13. Bxg7 Kxg7 14. b3 Qb6 15. Na4 Qb5 16. Ne2 Nd3+ 17. Kf1 Rfb8 18. Nec3 Qa6 19. Qe2 c4 20. bxc4 Qxc4 21. Rd1 Ne5 22. Qxc4 Nxc4 23. Ke2 Rb4 24. Rb1 Raxa4 25. Nxa4 Rxa4 26. Ra1 Nd7 27. Rhc1 Nc5 28. Rab1 g5 29. h3 Kf6 30. Rd1 h5 31. Rd4 Ke5 32. Rbd1 h4 33. Kf2 Nb2 34. Rb1 Nbd3+ 35. Ke3 Ra3 36. Ke2 Nf4+ 37. Kf2 Ncd3+ 38. Kf1 Rc3 39. Kg1 Rc2 40. a4 Rxg2+ 41. Kf1 Rf2+ 42. Kg1 Nxh3+ 43. Kh1 Nhf4 44. Kg1 h3 45. a5 Ne2+ 46. Kh1 Ng3+ 47. Kg1 Rg2# 0-1

[Event "BCF-ch U16"]
[Site "Aberystwyth"]
[Date "2014.07.21"]
[Round "1"]
[White "Anbukumar, Hajane"]
[Black "Camp, Imogen AL"]
[Result "1-0"]
[WhiteElo "1759"]
[BlackElo "1460"]
[PlyCount "49"]
[EventDate "2014.07.21"]
[EventType "swiss"]
[EventRounds "7"]
[EventCountry "WLS"]
[SourceTitle "CBM 161 Extra"]
[Source "ChessBase"]
[SourceDate "2014.08.29"]
[SourceVersion "1"]
[SourceVersionDate "2014.08.29"]
[SourceQuality "1"]

1. d4 d5 2. c4 e6 3. Nf3 Nf6 4. g3 Be7 5. Nbd2 b6 6. Bg2 Bb7 7. 0-0 0-0 8. Ne5 c5 9. cxd5 Bxd5 10. e4 Bb7 11. dxc5 Bxc5 12. Nb3 Bxe4 13. Nxc5 bxc5 14. Bxe4 Qxd1 15. Bxh7+ Kxh7 16. Rxd1 Na6 17. Be3 Nd5 18. Rac1 Rac8 19. a3 Nxe3 20. fxe3 f6 21. Ng4 Rfd8 22. e4 e5 23. Ne3 Rd4 24. Nf5 Rxe4 25. Nd6 1-0

[Event "Sunningdale e2e4 U2050 op 05"]
[Site "Sunningdale"]
[Date "2014.05.26"]
[Round "6"]
[White "Anbukumar, Hajane"]
[Black "Hand, Freddie"]
[Result "1/2-1/2"]
[WhiteElo "1677"]
[BlackElo "1812"]
[PlyCount "43"]
[EventDate "2014.05.23"]
[EventType "swiss"]
[EventRounds "7"]
[EventCountry "ENG"]
[SourceTitle "EXT 2015"]
[Source "ChessBase"]
[SourceDate "2014.11.20"]
[SourceVersion "1"]
[SourceVersionDate "2014.11.20"]
[SourceQuality "1"]

1. d4 d5 2. Nf3 Nf6 3. Nbd2 c6 4. g3 h6 5. Bg2 Bf5 6. b3 e6 7. a3 Nbd7 8. Bb2 Rc8 9. c4 Bd6 10. 0-0 0-0 11. Re1 Re8 12. Ne5 Qc7 13. Nxd7 Nxd7 14. e4 dxe4 15. Nxe4 Red8 16. Nxd6 Qxd6 17. Qe2 Nf6 18. Rad1 Qc7 19. b4 a6 20. Qe5 Rd7 21. Qxc7 Rdxc7 22. h3 1/2-1/2

[Event "Sunningdale e2e4 U2050 op 05"]
[Site "Sunningdale"]
[Date "2014.05.26"]
[Round "7"]
[White "Shaw, Meyrick"]
[Black "Anbukumar, Hajane"]
[Result "1-0"]
[WhiteElo "1914"]
[BlackElo "1677"]
[PlyCount "85"]
[EventDate "2014.05.23"]
[EventType "swiss"]
[EventRounds "7"]
[EventCountry "ENG"]
[SourceTitle "EXT 2015"]
[Source "ChessBase"]
[SourceDate "2014.11.20"]
[SourceVersion "1"]
[SourceVersionDate "2014.11.20"]
[SourceQuality "1"]

1. d4 Nf6 2. Nf3 g6 3. g3 Bg7 4. Bg2 0-0 5. c4 d6 6. Nc3 Nbd7 7. e4 e5 8. dxe5 dxe5 9. 0-0 h6 10. b3 Re8 11. Qe2 c6 12. Rd1 b6 13. Ba3 Bb7 14. Bh3 c5 15. Rd2 a6 16. Rad1 Bc6 17. Bc1 Ra7 18. Nh4 Qa8 19. Ng2 Nxe4 20. Nxe4 Bxe4 21. Rxd7 Rxd7 22. Rxd7 f5 23. Qd2 g5 24. Ne3 g4 25. Bg2 f4 26. Bxe4 Qxe4 27. Qd5+ Qxd5 28. Nxd5 f3 29. Bxh6 Bxh6 30. Nf6+ Kf8 31. Nxe8 Kxe8 32. Rb7 e4 33. Rxb6 e3 34. fxe3 Bxe3+ 35. Kf1 Ke7 36. Rg6 Bd4 37. Rxg4 a5 38. a4 Ke6 39. Rg6+ Ke5 40. Ra6 Bc3 41. Kf2 Ke4 42. Re6+ Be5 43. h4 1-0

[Event "Sunningdale e2e4 U2050 op 05"]
[Site "Sunningdale"]
[Date "2014.05.25"]
[Round "4"]
[White "Anbukumar, Hajane"]
[Black "Ai, Farshad"]
[Result "1-0"]
[WhiteElo "1677"]
[BlackElo "1927"]
[PlyCount "50"]
[EventDate "2014.05.23"]
[EventType "swiss"]
[EventRounds "7"]
[EventCountry "ENG"]
[SourceTitle "EXT 2015"]
[Source "ChessBase"]
[SourceDate "2014.11.20"]
[SourceVersion "1"]
[SourceVersionDate "2014.11.20"]
[SourceQuality "1"]

1. d4 Nf6 2. Nf3 g6 3. g3 Bg7 4. Bg2 0-0 5. 0-0 d5 6. b3 c5 7. e3 Nc6 8. Bb2 cxd4 9. Nxd4 Bd7 10. Nd2 Nxd4 11. exd4 e6 12. Rc1 Qa5 13. a3 b5 14. c4 bxc4 15. bxc4 Rab8 16. Rb1 Ba4 17. Qc1 dxc4 18. Nxc4 Qa6 19. Ne3 Rfd8 20. Qd2 Rb3 21. Rfc1 Rdb8 22. Nc4 Bb5 23. Bf1 Nd5 24. Qc2 Ba4 25. Qd2 Qb5 1-0

[Event "Sunningdale e2e4 U2050 op 05"]
[Site "Sunningdale"]
[Date "2014.05.25"]
[Round "5"]
[White "Lawson, Maurice Elliot"]
[Black "Anbukumar, Hajane"]
[Result "1-0"]
[WhiteElo "1912"]
[BlackElo "1677"]
[PlyCount "101"]
[EventDate "2014.05.23"]
[EventType "swiss"]
[EventRounds "7"]
[EventCountry "ENG"]
[SourceTitle "EXT 2015"]
[Source "ChessBase"]
[SourceDate "2014.11.20"]
[SourceVersion "1"]
[SourceVersionDate "2014.11.20"]
[SourceQuality "1"]

1. e4 c5 2. Nc3 e6 3. g3 Nc6 4. Bg2 Nge7 5. d3 a6 6. Be3 b6 7. Nh3 g6 8. Qd2 h5 9. 0-0 Bg7 10. Rae1 0-0 11. Bh6 Bb7 12. Bxg7 Kxg7 13. Nf4 Rb8 14. Nd1 d5 15. exd5 Nxd5 16. Nxd5 exd5 17. Nc3 Ne7 18. d4 c4 19. Re5 f6 20. Re2 Nf5 21. Rfe1 Qd7 22. Bh3 Rf7 23. Qf4 Rd8 24. Bxf5 Qxf5 25. Qxf5 gxf5 26. Na4 Bc6 27. Nc3 Rd6 28. Re3 Bd7 29. Ne2 a5 30. Nf4 Kh6 31. h4 a4 32. a3 Kg7 33. Nxh5+ Kf8 34. Nf4 Rh7 35. Kf1 Rf7 36. Ke2 Be8 37. Kd2 Bd7 38. Kc3 Kg8 39. Kb4 Kf8 40. Ne6+ Kg8 41. Nc7 b5 42. Ne6 Re7 43. Nf4 Rf7 44. Kc5 Ra6 45. Nxd5 Kf8 46. Nf4 c3 47. Rxc3 Rc6+ 48. Kb4 Rxc3 49. Kxc3 Bc6 50. d5 Bb7 51. Kb4 1-0

[Event "Sunningdale e2e4 U2050 op 05"]
[Site "Sunningdale"]
[Date "2014.05.24"]
[Round "3"]
[White "Smith, Simon C"]
[Black "Anbukumar, Hajane"]
[Result "0-1"]
[WhiteElo "1880"]
[BlackElo "1677"]
[PlyCount "97"]
[EventDate "2014.05.23"]
[EventType "swiss"]
[EventRounds "7"]
[EventCountry "ENG"]
[SourceTitle "EXT 2015"]
[Source "ChessBase"]
[SourceDate "2014.11.20"]
[SourceVersion "1"]
[SourceVersionDate "2014.11.20"]
[SourceQuality "1"]

1. c4 Nf6 2. Nc3 g6 3. e4 d6 4. d4 Bg7 5. Nf3 0-0 6. Be2 e5 7. Be3 Nc6 8. d5 Ne7 9. h3 Ne8 10. Nd2 f5 11. f3 f4 12. Bf2 h6 13. b4 a5 14. a3 Nf6 15. c5 Bd7 16. Nc4 axb4 17. axb4 Ne8 18. b5 dxc5 19. Bxc5 Rxa1 20. Qxa1 b6 21. Bb4 Kh7 22. Qa3 Rf7 23. 0-0 Nc8 24. Ra1 Qg5 25. Bf1 Bxh3 26. Qb2 h5 27. Qf2 Bd7 28. Bd3 h4 29. Kf1 Qg3 30. Ke2 Qxf2+ 31. Kxf2 g5 32. Be2 Kg6 33. Rd1 Ncd6 34. Bxd6 Nxd6 35. Nxd6 cxd6 36. Ra1 Bc8 37. Ra8 Rc7 38. Na4 Rc2 39. Nxb6 h3 40. gxh3 Bxh3 41. Ra1 Bf6 42. Nc4 g4 43. fxg4 Bh4+ 44. Kg1 Rxe2 45. b6 f3 46. Rf1 Bxf1 47. b7 Bg2 48. Kh2 Re1 49. b8B 0-1

[Event "Sunningdale e2e4 U2050 op 05"]
[Site "Sunningdale"]
[Date "2014.05.23"]
[Round "1"]
[White "Anbukumar, Hajane"]
[Black "McCabe, Shane"]
[Result "1-0"]
[WhiteElo "1677"]
[BlackElo "1910"]
[PlyCount "119"]
[EventDate "2014.05.23"]
[EventType "swiss"]
[EventRounds "7"]
[EventCountry "ENG"]
[SourceTitle "EXT 2015"]
[Source "ChessBase"]
[SourceDate "2014.11.20"]
[SourceVersion "1"]
[SourceVersionDate "2014.11.20"]
[SourceQuality "1"]

1. d4 d5 2. Nf3 Nf6 3. g3 Bf5 4. Bg2 c6 5. b3 h6 6. Bb2 e6 7. 0-0 Bd6 8. Nbd2 0-0 9. a3 Nbd7 10. Re1 Re8 11. Ne5 Qc7 12. Nxd7 Qxd7 13. e4 Nxe4 14. Nxe4 Bxe4 15. Bxe4 dxe4 16. Rxe4 Be7 17. Qe2 Bf6 18. c4 Rad8 19. Re1 Qe7 20. b4 a6 21. f4 g6 22. Kg2 Rd7 23. g4 Kh7 24. f5 gxf5 25. gxf5 Bh4 26. Rf1 Qg5+ 27. Kh1 e5 28. Bc1 Qd8 29. dxe5 Bg5 30. Bxg5 Qxg5 31. e6 fxe6 32. fxe6 Rg7 33. Re5 Qh4 34. Qd3+ Kh8 35. c5 Qg4 36. Qf3 Ree7 37. Qf8+ Kh7 38. Qf5+ Kg8 39. Qxg4 Rxg4 40. Rf3 Kg7 41. h3 Rg6 42. Rfe3 Kf8 43. Kh2 Kg7 44. h4 Kf6 45. Re2 Rg4 46. Kh3 Rg6 47. R5e3 Kg7 48. Re4 Kg8 49. h5 Rg5 50. Rg4 Rgg7 51. Kg3 Kf8 52. Kf4 Ke8 53. Rg6 Rxg6 54. hxg6 Kf8 55. Kf5 Kg7 56. Rd2 Re8 57. Rd7+ Kg8 58. Kf6 h5 59. e7 h4 60. Rd8 1-0

[Event "London Golders Green op 3rd"]
[Site "London"]
[Date "2014.05.04"]
[Round "3"]
[White "Iqbal, Zafar"]
[Black "Anbukumar, Hajane"]
[Result "1-0"]
[WhiteElo "1925"]
[BlackElo "1677"]
[PlyCount "135"]
[EventDate "2014.05.03"]
[EventType "swiss"]
[EventRounds "6"]
[EventCountry "ENG"]
[SourceTitle "EXT 2018"]
[Source "ChessBase"]
[SourceDate "2017.10.13"]
[SourceVersion "1"]
[SourceVersionDate "2017.10.13"]
[SourceQuality "1"]

1. e4 c5 2. c3 Nf6 3. e5 Nd5 4. Bc4 Nb6 5. Bb3 c4 6. Bc2 Qc7 7. Nf3 Nc6 8. Qe2 g6 9. 0-0 Bg7 10. Re1 0-0 11. Na3 Nd8 12. b3 d5 13. exd6 exd6 14. Nxc4 Nxc4 15. Qxc4 Qxc4 16. bxc4 Be6 17. Ba3 Nc6 18. Bxd6 Rfd8 19. c5 b6 20. Be4 Rac8 21. d4 Bg4 22. h3 Bxf3 23. Bxf3 bxc5 24. Bxc5 Ne5 25. Bb4 Nxf3+ 26. gxf3 Rc4 27. Ba5 Rdc8 28. Re7 a6 29. Rae1 Bf8 30. Re8 Kg7 31. Rxc8 Rxc8 32. d5 Bd6 33. Bb6 Kf6 34. Bd4+ Kf5 35. Rb1 Re8 36. c4 Rc8 37. c5 Bf4 38. Re1 f6 39. d6 Rd8 40. Re7 Bxd6 41. cxd6 Rxd6 42. Bc5 Rc6 43. Bb4 h5 44. Kg2 h4 45. Re4 g5 46. Rd4 Ke5 47. Rd3 f5 48. Bd2 f4 49. a4 Ke6 50. a5 Ke5 51. Bc3+ Ke6 52. Bb4 Rc4 53. Rd6+ Ke5 54. Rb6 Kf5 55. Bd6 Rc8 56. Rxa6 Re8 57. Bc7 Rc8 58. Bb6 Rb8 59. Ra7 Kf6 60. Rd7 Ra8 61. Rd1 Ke6 62. Ra1 Kd6 63. a6 Kc6 64. Bd4 g4 65. fxg4 Rf8 66. Kf3 Kc7 67. a7 Kb7 68. a8Q+ 1-0

[Event "GBR-ch 100th U14"]
[Site "Torquay"]
[Date "2013.08.09"]
[Round "7"]
[White "Wang, Xingliang Anna"]
[Black "Anbukumar, Hajane"]
[Result "1/2-1/2"]
[WhiteElo "1834"]
[BlackElo "1651"]
[PlyCount "95"]
[EventDate "2013.08.04"]
[EventType "swiss"]
[EventRounds "7"]
[EventCountry "ENG"]
[SourceTitle "EXT 2019"]
[Source "ChessBase"]
[SourceDate "2018.10.10"]
[SourceVersion "1"]
[SourceVersionDate "2018.10.10"]
[SourceQuality "1"]

1. e4 c5 2. c3 d5 3. exd5 Qxd5 4. d4 e6 5. Nf3 Nf6 6. Na3 Qd8 7. Be3 Ng4 8. Bg5 Be7 9. dxc5 Bxg5 10. Qa4+ Bd7 11. Qxg4 Bf6 12. Nc4 0-0 13. Bd3 Na6 14. Nd6 Nxc5 15. Bc2 Qc7 16. Rd1 e5 17. Qg3 Na4 18. Ne4 Be7 19. Qxe5 Qxe5 20. Nxe5 Bf5 21. Bxa4 Bxe4 22. 0-0 Rad8 23. Bb3 Bg6 24. Rxd8 Rxd8 25. Rd1 Rxd1+ 26. Bxd1 f6 27. Nc4 b5 28. Na5 Kf8 29. Nc6 Bc5 30. Be2 Be8 31. Na5 Ke7 32. Bd3 h6 33. Nb3 Bb6 34. Kf1 Kd6 35. Nd2 Ke5 36. Nf3+ Kd5 37. Nh4 Bd7 38. Ke2 g5 39. Nf3 a6 40. Ne1 f5 41. Nc2 Ke5 42. Nb4 a5 43. Nc2 Kd5 44. Ne3+ Ke5 45. Nc2 Kd5 46. Na3 Kc5 47. f3 Bc7 48. h3 1/2-1/2

[Event "GBR-ch 100th U14"]
[Site "Torquay"]
[Date "2013.08.04"]
[Round "1"]
[White "Anbukumar, Hajane"]
[Black "Higgs, Joshua"]
[Result "1/2-1/2"]
[WhiteElo "1651"]
[BlackElo "1831"]
[PlyCount "97"]
[EventDate "2013.08.04"]
[EventType "swiss"]
[EventRounds "7"]
[EventCountry "ENG"]
[SourceTitle "EXT 2019"]
[Source "ChessBase"]
[SourceDate "2018.10.10"]
[SourceVersion "1"]
[SourceVersionDate "2018.10.10"]
[SourceQuality "1"]

1. d4 d5 2. c4 e6 3. Nc3 Nf6 4. cxd5 exd5 5. Bg5 Nbd7 6. e3 Be7 7. Bd3 0-0 8. Qc2 c6 9. Nge2 Re8 10. 0-0 Nf8 11. f3 g6 12. Rad1 Ne6 13. Bh4 Ng7 14. e4 dxe4 15. fxe4 Bg4 16. Qb3 Ne6 17. Qxb7 Rb8 18. Qxc6 Nxd4 19. Nxd4 Qxd4+ 20. Bf2 Qe5 21. Bg3 Qc5+ 22. Qxc5 Bxc5+ 23. Kh1 Bxd1 24. Bxb8 Rxb8 25. Nxd1 Ng4 26. Bc4 Ne5 27. Bb3 Rd8 28. Bd5 Rb8 29. b3 Rb4 30. Nb2 Kh8 31. Nc4 Nxc4 32. Bxc4 Rb7 33. Bxf7 Kg7 34. Bd5 Rc7 35. g4 Bd6 36. Bc4 Re7 37. Bd5 Rc7 38. Rf2 g5 39. Kg2 Bf4 40. b4 Kf6 41. b5 Rc3 42. a4 Ra3 43. Ra2 Rxa2+ 44. Bxa2 Bc7 45. h3 Ke5 46. Kf3 Bb6 47. Bb3 Kd4 48. Bd1 h6 49. Bc2 1/2-1/2

[Event "Sunningdale e2e4 op U1800 05"]
[Site "Sunningdale"]
[Date "2013.05.27"]
[Round "7"]
[White "Anbukumar, Hajane"]
[Black "Bovtramovics, Vladimirs"]
[Result "0-1"]
[WhiteElo "1624"]
[BlackElo "1718"]
[PlyCount "66"]
[EventDate "2013.05.25"]
[EventType "swiss"]
[EventRounds "7"]
[EventCountry "ENG"]
[SourceTitle "EXT 2014"]
[Source "ChessBase"]
[SourceDate "2013.11.20"]
[SourceVersion "1"]
[SourceVersionDate "2013.11.20"]
[SourceQuality "1"]

1. e4 c5 2. Nf3 Nc6 3. d4 cxd4 4. Nxd4 e5 5. Nb5 d6 6. N1c3 a6 7. Na3 b5 8. Nd5 Nf6 9. Bg5 Be7 10. Nxe7 Qxe7 11. Qd3 0-0 12. 0-0-0 Rd8 13. Be2 Be6 14. Qg3 Nb4 15. Bh6 Nxa2+ 16. Kb1 Qf8 17. Bg5 Nxe4 18. Qe3 Nxg5 19. Qxg5 Nb4 20. c3 Nc6 21. h4 d5 22. h5 f6 23. Qg3 b4 24. cxb4 Qxb4 25. h6 g6 26. Rh4 d4 27. Rg4 Bxg4 28. Qxg4 f5 29. Qg5 Qe7 30. Bc4+ Kh8 31. Qg3 e4 32. f3 e3 33. Re1 d3 0-1

[Event "Brighton e2e4 Major"]
[Site "Brighton"]
[Date "2013.02.20"]
[Round "8"]
[White "Doran, Niall"]
[Black "Anbukumar, Hajane"]
[Result "0-1"]
[WhiteElo "1692"]
[BlackElo "1634"]
[PlyCount "82"]
[EventDate "2013.02.16"]
[EventType "swiss"]
[EventRounds "9"]
[EventCountry "ENG"]
[SourceTitle "EXT 2014"]
[Source "ChessBase"]
[SourceDate "2013.11.20"]
[SourceVersion "1"]
[SourceVersionDate "2013.11.20"]
[SourceQuality "1"]

1. e4 c5 2. Nf3 a6 3. c3 d5 4. exd5 Qxd5 5. d4 e6 6. Be2 Nc6 7. 0-0 Nf6 8. Qc2 cxd4 9. Nxd4 Nxd4 10. cxd4 Qxd4 11. Rd1 Qc5 12. Qd3 Bd7 13. Nc3 Be7 14. Qg3 Bc6 15. Be3 Qf5 16. Rd2 0-0 17. Rad1 Qg6 18. Qh3 Rac8 19. Rd4 Bc5 20. Bd3 Bxg2 21. Bxg6 Bxh3 22. Rh4 Bxe3 23. fxe3 hxg6 24. Rxh3 Rfd8 25. Rf1 Rd2 26. Rf4 Rxb2 27. Rfh4 Nh5 28. Nd1 Rc1 29. Rd4 Rbb1 30. Rd8+ Kh7 31. Rf8 Rxd1+ 32. Kg2 Rd7 33. Rf3 Rb2+ 34. Kh3 Nf6 35. Rf4 g5 36. Rc4 Rd3 37. Rg4 Rxe3+ 38. Rg3 g4+ 39. Kh4 Rxh2+ 40. Kg5 Rh5+ 41. Kf4 Re4# 0-1

[Event "Brighton e2e4 Major"]
[Site "Brighton"]
[Date "2013.02.17"]
[Round "2"]
[White "Norman, Dinah M"]
[Black "Anbukumar, Hajane"]
[Result "1/2-1/2"]
[WhiteElo "1857"]
[BlackElo "1634"]
[PlyCount "32"]
[EventDate "2013.02.16"]
[EventType "swiss"]
[EventRounds "9"]
[EventCountry "ENG"]
[SourceTitle "EXT 2014"]
[Source "ChessBase"]
[SourceDate "2013.11.20"]
[SourceVersion "1"]
[SourceVersionDate "2013.11.20"]
[SourceQuality "1"]

1. d4 Nf6 2. Nf3 d6 3. c3 Nbd7 4. Bf4 c5 5. e3 a6 6. a4 Nh5 7. Bg3 b6 8. Nbd2 Bb7 9. Be2 Nxg3 10. hxg3 Rc8 11. 0-0 e6 12. Re1 Be7 13. Bf1 h5 14. e4 h4 15. g4 Nf6 16. Nh2 g5 1/2-1/2

[Event "London e2e4 Diamond Jubilee op-B"]
[Site "London"]
[Date "2012.06.05"]
[Round "6"]
[White "Pitkeathly, Hamish"]
[Black "Anbukumar, Hajane"]
[Result "1-0"]
[WhiteElo "1470"]
[BlackElo "1454"]
[PlyCount "79"]
[EventDate "2012.06.02"]
[EventType "swiss"]
[EventRounds "7"]
[EventCountry "ENG"]
[SourceTitle "EXT 2014"]
[Source "ChessBase"]
[SourceDate "2013.11.20"]
[SourceVersion "1"]
[SourceVersionDate "2013.11.20"]
[SourceQuality "1"]

1. e4 e5 2. Nf3 Nc6 3. Bc4 Bc5 4. a3 d6 5. h3 Be6 6. Bb5 Qd7 7. Nc3 a6 8. Bxc6 Qxc6 9. 0-0 f5 10. d4 exd4 11. Nxd4 Bxd4 12. Qxd4 Nf6 13. exf5 Bxf5 14. Re1+ Kf7 15. Re2 Rae8 16. Be3 Ne4 17. Nxe4 Rxe4 18. Qd2 Rhe8 19. Rae1 R8e6 20. f3 Rc4 21. c3 b5 22. Bd4 Rxe2 23. Rxe2 Qd7 24. Qg5 Be6 25. Qxg7+ Ke8 26. Qh8+ Kf7 27. Qxh7+ Ke8 28. Qg6+ Qf7 29. Qxe6+ Qxe6 30. Rxe6+ Kf7 31. Re4 c5 32. b3 cxd4 33. bxc4 dxc3 34. cxb5 c2 35. Rc4 axb5 36. Rxc2 Ke6 37. Kf2 Ke5 38. Ke3 d5 39. Rc5 b4 40. axb4 1-0